000 00331nam a2200133Ia 4500
005 20260328101443.0
008 260328s9999||||xx |||||||||||||| ||und||
100 _aCorrado, Gavinelli
245 0 _aCiudad y Territorio en China /
_cGavinelli Corrado
260 _bBlume
300 _a349 p.
650 _aDISEÑO URBANO
942 _cBK
999 _c8336
_d8336